| 000 | 00772nam a22002417a 4500 | ||
|---|---|---|---|
| 003 | OSt | ||
| 005 | 20250206101004.0 | ||
| 007 | ta | ||
| 008 | 210308b2020 dr ||||| |||| 00| 0 spa d | ||
| 020 | _a9789945093988 | ||
| 040 |
_aDO-SdBNP _bspa _cBNPHU |
||
| 082 | 4 |
_aRD863.44 _bD611q _222 |
|
| 100 | 1 | 0 |
_aDisla, Edwin, _d1961- _928921 |
| 245 | 1 | 4 |
_aLos que comulgaron con el corazón limpio / _cEdwin Disla |
| 260 |
_aSanto Domingo : _bSoto Castillo, _c2020 |
||
| 300 |
_a365 p. : _c24 cm |
||
| 500 | _aIncluye datos biográficos del autor en la solapa de la cubierta | ||
| 590 | _aInventariado, 2021 / DG | ||
| 650 |
_aNovela histórica dominicana _9860 |
||
| 650 |
_aLiteratura dominicana _978457 |
||
| 910 | _aDG/ Validado. Control de calidad MFF | ||
| 942 |
_2ddc _cLBS1 |
||
| 999 |
_c49506 _d49506 |
||